| 000 | 01606cam a22004094i 4500 | ||
|---|---|---|---|
| 003 | PE-LiUPU | ||
| 005 | 20250731184050.0 | ||
| 008 | 150616s r 000 0 d | ||
| 020 | _a847143055X | ||
| 035 | _a(Sirsi) i9788471430557 | ||
| 040 |
_aPE-LiUPU _bspa _cPE-LiUPU _erda |
||
| 049 | _aPRUA | ||
| 082 | 0 | 4 |
_a801.3 _bP45 _221 |
| 100 | 1 |
_aPérez Gallego, Cándido, _eautor. |
|
| 245 | 1 | 0 |
_aLiteratura y contexto social / _cCándido Pérez Gállego. |
| 264 | 1 |
_aMadrid : _bSociedad General Española de Librería, _c1975. |
|
| 300 |
_a210 páginas : _bilustraciones gráfs., foto ; _c17 centímetros |
||
| 336 |
_atext _2rdacontent |
||
| 337 |
_aunmediated _2rdamedia |
||
| 338 |
_avolume _2rdacarrier |
||
| 490 | 0 | _aColección «Temas» | |
| 504 | _aNota Bibliografica. | ||
| 505 | 0 | _aLa literatura como sociología, sociología como litaratura -- El contexto social en la literatura -- La literatura en el contexto social -- Emisor-receptor y sintaxis social. | |
| 526 | _aP145 | ||
| 526 | _aP127 | ||
| 526 | _aP97 | ||
| 526 | _aP14 | ||
| 526 | _aP07 | ||
| 650 | 0 | 4 | _aLiteratura y sociedad. |
| 910 |
_ajck _bjvq _cjck |
||
| 942 |
_2ddc _cBOOK |
||
| 949 |
_a801.3 P45 _wDEWEY _c1 _i25352 _lCCODEBUL1 _mBUL _r0 _sY _tBOOK _u2015-6-16 _xEDUCACION _PP20 _0COMPRA _o.STAFF. Colección General |
||
| 994 |
_aC0 _bPEPRU |
||
| 596 | _a1 | ||
| 999 |
_a801.3 P45 _wDEWEY _c10940 _i25352 _d10940 _e2017-6-7 _f2021-11-5 _g4 _lCCODEBUL1 _mBUL _n1 _q1 _r0 _sY _tBOOK _u2015-6-16 _xBIBLIOTECA _PP20 _0COMPRA _o.STAFF. Colección General |
||
| 980 |
_81 _gALBERTO SANCHEZ Responsable de Automatización |
||